Some remarks on a fixed point theorem of Krasnoselskii

Elmentve itt :
Bibliográfiai részletek
Szerző: Avramescu Cezar
Dokumentumtípus: Folyóirat
Megjelent: 2003
Sorozat:Electronic journal of qualitative theory of differential equations
Kulcsszavak:Krasnoselskij fixpont tétele, nemlineáris integrálegyenlet
Online Access:http://acta.bibl.u-szeged.hu/42001
LEADER 00693nas a2200181 i 4500
001 acta42001
005 20260224081030.0
008 170512s2003 hu o 000 eng d
022 |a 1417-3875 
040 |a SZTE Egyetemi Kiadványok Repozitórium  |b hun 
041 |a eng 
100 1 |a Avramescu Cezar 
245 1 0 |a Some remarks on a fixed point theorem of Krasnoselskii  |h [elektronikus dokumentum] /  |c  Avramescu Cezar 
260 |c 2003 
300 |a 1-15 
490 0 |a Electronic journal of qualitative theory of differential equations 
695 |a Krasnoselskij fixpont tétele, nemlineáris integrálegyenlet 
856 4 0 |u http://acta.bibl.u-szeged.hu/42001/1/ejqtde_2003_005_001-015.pdf  |z Dokumentum-elérés